000 01630cam a22003614i 4500
003 PE-LiUPU
005 20250731183415.0
008 150623s r 000 0 d
020 _a0451821947
035 _a(Sirsi) i9780451821942
040 _aPE-LiUPU
_bspa
_cPE-LiUPU
_erda
049 _aPRUA
082 0 4 _a796.51
_bW94
_221
245 0 0 _aWalking for health & fitness /
_cConsumer Guide ed.
264 1 _aLincolnwood, Illinois :
_bPublications International,
_c1988.
300 _a256 páginas :
_bilustraciones, gráficos ;
_c22 centímetros
336 _atext
_2rdacontent
337 _aunmediated
_2rdamedia
338 _avolume
_2rdacarrier
505 0 _aFrom here to there. Walk into shape. For the health of it. Leave the blahs behind. Getting ready to go. Freestyle fitness walking. Racewalking. Walking with weights. Hiking. Streches and exercises. Coping with pain. Walk, weather or not. Finding room to roam. Finding time for fitness. Spicing up your routine. Shoes and accessories. Walking clubs and events. Checklists and reminders.
526 _aP158
526 _aP146
526 _aP17
526 _aP12
526 _aP06
650 0 4 _aCaminata.
942 _2ddc
_cBOOK
949 _a796.51 W94
_wDEWEY
_c1
_i51296
_lCCODEBUL1
_mBUL
_p12.00
_r0
_sY
_tBOOK
_u2015-6-24
_xTEOLOGIA
_PP35
_0COMPRA
_o.STAFF. Colección General
994 _aC0
_bPEPRU
596 _a1
999 _a796.51 W94
_wDEWEY
_c33009
_i51296
_f2021-11-9
_g5
_lCCODEBUL1
_mBUL
_p12.00
_r0
_sY
_tBOOK
_u2015-6-24
_xEDUCACION
_PP35
_0COMPRA
_o.STAFF. Colección General
_d33009
980 _81
_gALBERTO SANCHEZ Responsable de Automatización